Význam rodinných podnikov v SR bakalárska práca

Gespeichert in:
Bibliographische Detailangaben
1. Verfasser: Boráros, Lilla Florentina
Körperschaft: Fakulta podnikového manažmentu EU. Katedra podnikovohospodárska
Weitere Verfasser: Bukovová, Sylvia, 1959-
Format: Buch
Sprache:Slowakisch
Veröffentlicht: Bratislava 2019
Tags: Tag hinzufügen
Keine Tags, Fügen Sie das erste Tag hinzu!

MARC

LEADER 00000nbm a2200000 4500
001 0257842
005 20191125141145.9
041 0 |a slo 
044 |a SK 
245 1 0 |a Význam rodinných podnikov v SR  |b bakalárska práca  |c Lilla Florentina Boráros ; školiteľ: Sylvia Bukovová 
264 1 |a Bratislava  |c 2019 
300 |a 56 s. 
100 1 |a Boráros, Lilla Florentina 
700 1 |a Bukovová, Sylvia, 1959- 
710 2 |a Fakulta podnikového manažmentu EU. Katedra podnikovohospodárska